000 01989cam a22004694i 4500
003 PE-LiUPU
005 20250731173016.0
008 150623s1993 mnu rb 000 0 eng d
020 _a0800626656
035 _a(Sirsi) i9780800626655
040 _aPE-LiUPU
_bspa
_cPE-LiUPU
_erda
049 _aPRUA
082 0 4 _a230.66
_bR411925
_221
100 1 _aRendtorff, Rolf,
_eautor.
245 1 0 _aCanon and theology /
_cRolf Rendtorff.
264 1 _aMinneapolis, MN :
_bFortress Press,
_c1993.
300 _a235 páginas ;
_c22 centímetros.
336 _atext
_2rdacontent
337 _aunmediated
_2rdamedia
338 _avolume
_2rdacarrier
490 0 _aOvertures to an Old Testament Theology
504 _aIncluye bibliografía.
505 0 _aOld Testament theology: some ideas for a New approach -- rabbinic exegesis and the modern Christian Bible scholar -- Between historical criticism and holistic interpretation -- Toward a common Jewish-Christian reading of the Hebrew Bible -- The importance of the canon for a theology of the Old Testament. The place of prophecy in a canon for a theology of the Old Testament -- Where were you when I laid the foundation of the Earth?" Creation and salvation history.
526 _aSEG42
526 _aSEG41
526 _aSEG40
526 _aSEG39
526 _aP94
526 _aP87
526 _aP86
526 _aP85
526 _aP77
526 _aP76
526 _aP35
630 _aBiblia.
_pA.T.
_xCrítica, interpretación, etc.
942 _2ddc
_cBOOK
949 _a230.66 R41 1925
_wDEWEY
_c1
_i47300
_lCCODEBUL1
_mBUL
_r0
_sY
_tBOOK
_u2015-6-24
_xTEOLOGIA
_PP35
_0COMPRA
_o.STAFF. Colección General
994 _aC0
_bPEPRU
596 _a1
999 _a230.66 R41 1925
_wDEWEY
_c23847
_i47300
_e2017-3-29
_f2021-11-11
_g5
_lCCODEBUL1
_mBUL
_n1
_p111.00
_q1
_r0
_sY
_tBOOK
_u2015-6-24
_xTEOLOGIA
_PP35
_0COMPRA
_o.STAFF. Colección Teología
_d23847
980 _81
_gALBERTO SANCHEZ Responsable de Automatización